000 00175nam a2200073Ia 4500
008 170617s9999 xx 000 0 und d
100 _aKuchekar-B.S/Khadatare
245 0 _aForensic Pharmacy
260 _bNarosa
999 _c14916
_d14916